Flushed Away Quiz - Statistics

General Stats
  • This quiz has been taken 88 times
  • The average score is 18 of 42
Answer Stats
Question Answer % Correct
Who is England playing in the football match? Germany
83%
What is the name of the rat that invades Roddy's house? Sid
76%
Where is Roddy's house? Kensington
75%
Who the main antagonist? The Toad
73%
What celebrity does Rita's grandmother mistake Roddy for? Tom Jones
65%
What is the name of The Toad's french cousin? Le Frog
63%
What type of creature sings to create atmosphere? Slug
62%
What animal says the line 'Have you seen my dad'? Fish (This is a reference to Finding Nemo)
60%
Who voices Roddy? Hugh Jackman
59%
What does he mistakenly call Roddy? Millicent Bystander
57%
What is the name of the rat henchman? Spike
57%
What is Rita's ruby made out of? Glass
56%
What animation studio made the film? Aardman
52%
What type of animal does Roddy's owner bring home at the end of the movie? A cat
52%
What type of street performer holds up the phone when The Toad is talking? A mime
52%
What is the music played when Roddy is out of his cage in his house? Dancing with myself by Billy Idol
51%
What advice is given when falling into water? Keep your legs straight
51%
Name one electrical appliance that a rat appears on in the chase scene? whisk/toaster/toy boat
51%
What is the main character's full name? Roddy Saint James the Third
49%
What word does Roddy use to describe the antagonist's collection? Amusing
48%
Where is the booty? In the booty
48%
What does Roddy mistakenly cook, thinking it is rice? Maggots
48%
Which member of the royal family is The Toad abandoned by? Prince Charles
48%
What is the name of the white mouse henchman? Whitey
48%
What song do these creatures sing when Roddy gets back home? Lonely by AKON
46%
What is the name of Roddy's owner? Tabitha
46%
What does The Toad need to carry out his plan? The master cable
44%
What did the antagonist want him to say about his collection? That it was Diverting
41%
What do the rats call London? 'Up Top'
41%
Who voices The Toad? Ian Mckellen
38%
What does Roddy say as he exits his cage? When the cat's away, the mice will play'
38%
What is the female lead/ love interest called? Rita Malone
29%
What animal is he replaced by? A rat (hence his hatred for them)
25%
What song do these creatures sing when Roddy has stolen Rita's boat? Don't worry, be happy by Bobby McFerrin
22%
Why do they call him Shocky? He shocks people
22%
What is the name of the conspiracy theorist rat that Roddy meets when he first falls down into the sewer? Harold
19%
What song plays during the credits? What's new pussy-cat by Tom Jones
14%
What escape measure does Roddy deploy in this scene? Custard
13%
What type of ending does Spike like? Unhappy endings with lots of violence
6%
What is the name of Rita's boat? The Jolly Roger
5%
How does The Toad punish people that wrongs him? Freezes them in liquid nitrogen
2%
Where is this object? Being used as Rita's belt
0%
No matching quizzes found
Score Distribution
Percent of People with Each Score
Percentile by Number Answered
Your Score History
You have not taken this quiz